LEADER 01243nam a2200277 4500 001 000000364925 003 CaOOAMICUS 005 20251106165501.0 008 251031s2006 it 000 u ita r 020 $a88-7899-076-0 040 $aSeMil$bita 100 1 $aVerga, Giovanni,$d<1840-1922>.$0(OLS)http://semarc/name/3542 245 10$aTutte le novelle /$cGiovanni Verga ; [a cura di Lorenzo Tinti]. 264 1$aSiena :$bBarbera,$c2006. 300 $aXXXVIII, 847 p. ;$c20 cm 490 1 $aNuovi classici 500 $aContiene le raccolte: Nedda ; Primavera ed altri racconti ; Vita dei campi ; Novelle rusticane ; Per le vie ; Vagabondaggio ; I ricordi del Capitano D'Arce ; Don Candeloro e C.i ; Novelle sparse 700 1 $aTinti, Lorenzo.$0(OLS)http://semarc/name/123104 830 0$aNuovi classici.$0(OLS)http://semarc/title/404752 850 $aSeMil 852 $aSeMil$W1$xVenegono$y1$m1A I 162$j264348$B255763$CSeMilBibl$Z2$F255763 $81 961 $aBuzzi mons. Franco - Omaggio 996 $6020$a88-7899-076-0$9(OLS)http://semarc/number/304460 996 $6245$aTutte le novelle$9(OLS)http://semarc/title/22061 996 $6264$aSiena :$bBarbera$9(OLS)http://semarc/publisher/37829 LEADER 01341nam a2200277 i 4500 001 000000066037 003 CaOOAMICUS 005 20150603000000.0 008 150603s1966 it u000 u ita u 013 $a37209 040 $aSeMil$bita 100 1 $aMichels, Roberto.$0(OLS)http://semarc/name/33169 240 10$aZur Soziologie des Parteiwesens in der modernen Demokratie : untersuchungen über die oligarchischen Tendenzen des Gruppenlebens.$0(OLS)http://semarc/title/104932 245 13$aLa sociologia del partito politico :$bnella democrazia moderna /$cRobert Michels. 260 $aBologna :$bIl Mulino,$ccopyr. 1966. 300 $aCXIX, 557 p. ;$c22 cm. 490 0 $aCollezione di testi e di studi. Scienze sociali 500 $aContiene : Appendice ; Bibliografia. 650 4$aPartiti - Saggi.$0(OLS)http://semarc/subject/11932 650 4$aSociologia politica.$0(OLS)http://semarc/subject/6517 830 0$aCollezione di testi e di studi. Scienze sociali.$0(OLS)http://semarc/title/9353 850 $aSeMil 852 $aSeMil$W1$xVenegono$y1$m3N IV 172$j32190$B32190$CSeMilBibl$Z2$F32193 $81 961 $aAcquisto: Casa editrice 996 $6245$aLa sociologia del partito politico :$bnella democrazia moderna$9(OLS)http://semarc/title/104931 996 $6260$aBologna :$bIl Mulino$9(OLS)http://semarc/publisher/29842